The fractal geometry of nature (Record no. 10776)

000 -LEADER
fixed length control field 00412 a2200157 4500
020 ## - INTERNATIONAL STANDARD BOOK NUMBER
International Standard Book Number 9780716711865
040 ## - CATALOGING SOURCE
Original cataloging agency DLC
Language of cataloging DLC
082 ## - DEWEY DECIMAL CLASSIFICATION NUMBER
Classification number 516.15
100 ## - MAIN ENTRY--PERSONAL NAME
Personal name Mandelbrot, Benoit B
245 ## - TITLE STATEMENT
Title The fractal geometry of nature
Statement of responsibility, etc. Benoit B Mandelbrot
260 ## - PUBLICATION, DISTRIBUTION, ETC.
Place of publication, distribution, etc. New York
Name of publisher, distributor, etc. Freeman & co
Date of publication, distribution, etc. 1983
300 ## - PHYSICAL DESCRIPTION
Extent 468 p.
650 ## - SUBJECT ADDED ENTRY--TOPICAL TERM
Topical term or geographic name entry element Mathematical models
700 ## - ADDED ENTRY--PERSONAL NAME
Personal name Benoit B Mandelbrot
942 ## - ADDED ENTRY ELEMENTS (KOHA)
Koha item type Book
Call number prefix 516.15 MAN
Source of classification or shelving scheme
Holdings
Withdrawn status Lost status Damaged status Not for loan Collection code Permanent Location Current Location Shelving location Date acquired Source of acquisition Cost, normal purchase price Total Checkouts Full call number Barcode Date last seen Date last checked out Price effective from Koha item type
          Central Library (CL) Central Library (CL) General Stacks 03/27/2012 Eagle Information Marketing 5393.29 1 516.15 MAN SEECS010943 09/10/2024 12/10/2023 01/05/2017 Book
© 2023 Central Library, National University of Sciences and Technology. All Rights Reserved.